Statistics for Pixelated Asia Map in 60 Seconds

Click here to take the quiz!

General Stats

  • This quiz has been taken 1,505 times
  • The average score is 247 of 283

Answers on the Map

Answers color-coded by a green-red scale on the quiz's map according to % correct below.
 

Answer Stats

Country% Correct
China
99%
India
96%
Mongolia
92%
Japan
90%
Kazakhstan
90%
Saudi Arabia
89%
Iran
85%
Indonesia
82%
Iraq
78%
Turkey
78%
Pakistan
77%
Oman
76%
Yemen
76%
Thailand
75%
South Korea
70%
Vietnam
69%
Myanmar
68%
Afghanistan
67%
Malaysia
67%
North Korea
66%
Uzbekistan
63%
Philippines
62%
Syria
62%
Laos
61%
Nepal
61%
United Arab Emirates
60%
Turkmenistan
59%
Sri Lanka
57%
Cambodia
54%
Tajikistan
50%
Jordan
49%
Kyrgyzstan
46%
Azerbaijan
45%
Georgia
42%

Score Distribution

Percentile by Number Answered

Percent of People with Each Score

Your Score History

You have not taken this quiz